Cities with Republican Mayors - Statistics

General Stats
  • This quiz has been taken 178 times
  • The average score is 3 of 7
Answer Stats
Rank City Population Mayor Answer % Correct
9 1,299,544 Eric Johnson Dallas
92%
23 694,800 David Holt Oklahoma City
68%
15 956,709 Mattie Parker Fort Worth
64%
25 545,567 Jerry Dyer Fresno
33%
49 410,647 Karen Goh Bakersfield
27%
37 512,498 Mark Freeman Mesa
27%
43 455,618 Bobby Dyer Virginia Beach
23%
No matching quizzes found
Score Distribution
Percent of People with Each Score
Percentile by Number Answered
Your Score History
You have not taken this quiz